Call of Duty Main Series Games - Statistics

General Stats
  • This quiz has been taken 35 times
  • The average score is 14 of 17
Answer Stats
Answer % Correct
Black Ops
95%
Call of Duty 4 (Modern Warfare)
90%
Black Ops 2
86%
Black Ops 3
86%
Black Ops 4
86%
Call of Duty
86%
Call of Duty 2
86%
Call of Duty 3
86%
Advanced Warfare
81%
Ghosts
81%
Modern Warfare 2
81%
Modern Warfare 3
81%
World at War
81%
WWII
81%
Black Ops Cold War
76%
Infinite Warfare
76%
Modern Warfare
71%
No matching quizzes found
Score Distribution
Percent of People with Each Score
Percentile by Number Answered
Your Score History
You have not taken this quiz